|
|
|
|
| LEADER |
00000nab a2200000 a 4500 |
| 001 |
vtls009459001 |
| 003 |
SK-MaSNL |
| 005 |
20260305022311.0 |
| 008 |
140423c2009 xo r m 000 00slo |
| 015 |
|
|
|a SNBRA2009/01SVKPO
|
| 038 |
|
|
|a SVKPO
|
| 041 |
0 |
|
|a slo
|
| 044 |
|
|
|a xo
|c SK
|
| 080 |
|
|
|a 821.162.4(091)
|2 2001
|
| 080 |
|
|
|a 82(091)
|2 2001
|
| 100 |
1 |
|
|a Gbúr, Ján,
|d 1953-
|4 aut
|9 105106
|
| 245 |
1 |
0 |
|a K problematike historiografickej reflexie slovenskej literatúry
|c Ján Gbúr
|
| 504 |
|
|
|a Bibliogr. odkazy
|
| 650 |
0 |
7 |
|a slovenská literatúra
|2 svkpocl
|9 1115
|
| 650 |
0 |
7 |
|a slovenská poézia
|2 svkpocl
|9 215422
|
| 650 |
0 |
7 |
|a literárna história
|2 svkpocl
|9 1136
|
| 650 |
0 |
7 |
|a literárna historiografia
|2 svkpocl
|9 73060
|
| 773 |
0 |
|
|t Teória umeleckého diela : literárnovedné a spoločenskovedné súvislosti, vzťahy a dotyky
|d Prešov : Prešovská univerzita - Filozofická fakulta, 2007
|g S. 459-467
|z 9788080686109
|
| 852 |
|
|
|a SVKPO
|b KIS3GCP
|
| 958 |
|
|
|a SK
|
| 958 |
|
|
|a NB
|
| 958 |
|
|
|a LX
|
| 999 |
|
|
|c 3290013
|d 3291943
|